Administrative Law (Record no. 345282)
[ view plain ]
| 000 -LEADER | |
|---|---|
| fixed length control field | 00389 a2200157 4500 |
| 020 ## - INTERNATIONAL STANDARD BOOK NUMBER | |
| International Standard Book Number | 0195674774 |
| 024 ## - OTHER STANDARD IDENTIFIER | |
| Standard number or code | 9780195674774 |
| 082 ## - DEWEY DECIMAL CLASSIFICATION NUMBER | |
| Classification number | 342.06 |
| 090 ## - LOCALLY ASSIGNED LC-TYPE CALL NUMBER (OCLC); LOCAL CALL NUMBER (RLIN) | |
| -- | 2792 |
| -- | 2792 |
| 100 ## - MAIN ENTRY--PERSONAL NAME | |
| Personal name | H. W. R Wade |
| 245 ## - TITLE STATEMENT | |
| Title | Administrative Law |
| Statement of responsibility, etc. | H. W. R Wade |
| 250 ## - EDITION STATEMENT | |
| Edition statement | 9th Ed. |
| 260 ## - PUBLICATION, DISTRIBUTION, ETC. | |
| Place of publication, distribution, etc. | New Delhi, India |
| Name of publisher, distributor, etc. | CBS Publishers and Distributers |
| 300 ## - PHYSICAL DESCRIPTION | |
| Extent | 1035 |
| 942 ## - ADDED ENTRY ELEMENTS (KOHA) | |
| Institution code [OBSOLETE] | NBS |
| Koha item type | Book |
| Call number prefix | 342.06 WAD |
| Withdrawn status | Lost status | Source of classification or shelving scheme | Damaged status | Not for loan | Permanent Location | Current Location | Date acquired | Total Checkouts | Full call number | Barcode | Date last seen | Date last checked out | Price effective from | Koha item type |
|---|---|---|---|---|---|---|---|---|---|---|---|---|---|---|
| NUST Law School (NLS) | NUST Law School (NLS) | 08/28/2013 | 1 | 342.4206 WAD | NBSD-612 | 11/23/2017 | 08/16/2017 | 08/28/2013 | Book | |||||
| NUST Law School (NLS) | NUST Law School (NLS) | 08/28/2013 | 2 | 342.4206 WAD | NBSD-611 | 02/09/2021 | 08/16/2017 | 08/28/2013 | Book |
